Riadenie procesu s PLC Simatic

Guardado en:
Detalles Bibliográficos
Autor principal: Dziak, Lukáš (Autor)
Otros Autores: Drahoš, Peter (Orientador)
Formato: Manuscrito Libro
Lenguaje:eslovaco
Publicado: 2015
Materias:
Acceso en línea:http://is.stuba.sk/zp/portal_zp.pl?podrobnosti=111667
Etiquetas: Agregar Etiqueta
Sin Etiquetas, Sea el primero en etiquetar este registro!

MARC

LEADER 00000ntm a22000003a 4500
001 stuzp52523
003 SK-STU
005 20160719154210.6
007 ta
008 150427s2015----xo-----f-mn---000-0-slo-d
040 |a STU  |b slo 
041 0 |a slo 
100 1 |a Dziak, Lukáš  |u 031000  |4 aut  |U FEI Fakulta elektrotechniky a informatiky  |T FEI Ústav robotiky a kybernetiky  |X 5918  |U E011  |Y 356  |7 A000005918 
242 0 1 |a Process control with PLC Simatic  |y eng 
245 1 0 |a Riadenie procesu s PLC Simatic 
260 |c 2015 
300 |a 74 s., príl.  |b CD-ROM 
650 4 |a Siemens  |2 slo 
650 4 |a PLC  |2 slo 
650 4 |a predkorekcia  |2 slo 
650 4 |a PI regulátor  |2 slo 
650 4 |a PWM  |2 slo 
650 4 |a PLC  |2 eng 
650 4 |a PWM  |2 eng 
650 4 |a Siemens  |2 eng 
650 4 |a Feed forward  |2 eng 
650 4 |a PI controller  |2 eng 
700 1 |a Drahoš, Peter  |4 ths  |X 3709  |7 A000003709 
856 4 |u http://is.stuba.sk/zp/portal_zp.pl?podrobnosti=111667 
996 |b 284EP11070  |c E*DIPL- 11070  |l EE31  |s P  |a 0  |w stuzp52523_0001 
SQL |a stuzp52523  |b DDP  |c SLO  |d Riadenie procesu s PLC Simatic  |e 5918  |f Dziak, Lukáš  |g 031000  |h 3709  |i Drahoš, Peter  |j 20150616  |k 81  |l 03  |m http://is.stuba.sk/zp/portal_zp.pl?podrobnosti=111667  |n I-KYB  |o 9.2.7. kybernetika